| 000 | 00467nam a22001697a 4500 | ||
|---|---|---|---|
| 999 |
_c5282 _d5282 |
||
| 003 | GBCCL | ||
| 005 | 20241126110537.0 | ||
| 008 | 180312b ||||| |||| 00| 0 eng d | ||
| 040 | _cgbc | ||
| 082 |
_a616.9792 _bTHA |
||
| 100 |
_aThampu, Valson _99529 |
||
| 245 |
_aAIDS: _bHeresy and Prophecy - What the Virus Says / _cValson Thampu |
||
| 260 |
_aNew Delhi: _bTRACI, _c1993 |
||
| 300 |
_a191 p.; _c22 cm. |
||
| 650 |
_aAIDS _vReligious Aspect _99530 |
||
| 942 |
_2ddc _cBK _01 |
||